Sports Quiz

Random Sports or Basketball Quiz

NBA Teams by Historical Logo Quiz Stats

Quiz Updated Mar 6, 2016

Challenge
Share
Tweet
Score 0/30 Timer 03:00
17 Plays Today
# team % Correct
Bulls
98.9%
Heat
98.1%
Pacers
95%
Raptors
94.7%
Lakers
94.4%
Spurs
93.8%
Bucks
93.1%
Nets
90.9%
Warriors
90.4%
Wizards
89.3%
Hawks
88%
Celtics
86.7%
76ers
86.6%
Thunder
86.4%
Timberwolves
85.9%
# team % Correct
Pelicans
84.9%
Magic
84.9%
Kings
83.6%
Hornets
83.3%
Nuggets
82.9%
Clippers
82.1%
Mavericks
80.4%
Jazz
80.2%
Suns
79.8%
Grizzlies
78.8%
Trail Blazers
76.4%
Cavaliers
74.2%
Pistons
73.2%
Rockets
66.9%
Knicks
58.9%

You're not logged in!

Compare scores with friends on all Sporcle quizzes.
Join for Free
OR
Log In

You Might Also Like...

Show Comments

Extras

Top Quizzes Today


Score Distribution

Your Account Isn't Verified!

In order to create a playlist on Sporcle, you need to verify the email address you used during registration. Go to your Sporcle Settings to finish the process.

Report this User

Report this user for behavior that violates our Community Guidelines.

Details: